<?xml version="1.0" encoding="UTF-8"?>
<record
    xmlns:xsi="http://www.w3.org/2001/XMLSchema-instance"
    xsi:schemaLocation="http://www.loc.gov/MARC21/slim http://www.loc.gov/standards/marcxml/schema/MARC21slim.xsd"
    xmlns="http://www.loc.gov/MARC21/slim">

  <leader>00236nam a2200085   4500</leader>
  <controlfield tag="001">1254195</controlfield>
  <controlfield tag="005">20251105091752.0</controlfield>
  <datafield tag="245" ind1=" " ind2=" ">
    <subfield code="a">YOL G&#xD6;STER&#x130;C&#x130; KUTSAL K&#x130;TAPLAR</subfield>
    <subfield code="c">HAT&#x130;CE DEM&#x130;RBA&#x11E;</subfield>
  </datafield>
  <datafield tag="260" ind1=" " ind2=" ">
    <subfield code="b">D&#x130;YANET &#x130;&#x15E;LER&#x130; BA&#x15E;KANLI&#x11E;I YAYINLARI</subfield>
  </datafield>
  <datafield tag="999" ind1=" " ind2=" ">
    <subfield code="c">1254195</subfield>
    <subfield code="d">1254195</subfield>
  </datafield>
  <datafield tag="952" ind1=" " ind2=" ">
    <subfield code="0">0</subfield>
    <subfield code="1">0</subfield>
    <subfield code="2">ddc</subfield>
    <subfield code="4">0</subfield>
    <subfield code="7">0</subfield>
    <subfield code="a">1061</subfield>
    <subfield code="b">1061</subfield>
    <subfield code="d">2025-11-05</subfield>
    <subfield code="l">2</subfield>
    <subfield code="o">P3</subfield>
    <subfield code="p">1061286135</subfield>
    <subfield code="r">2026-04-28 09:21:43</subfield>
    <subfield code="s">2026-04-27</subfield>
    <subfield code="w">2025-11-05</subfield>
    <subfield code="y">BK</subfield>
  </datafield>
</record>
